|
|
|
|
| LEADER |
01167naa a2200361 a 4500 |
| 001 |
000101613 |
| 003 |
SVKKK |
| 005 |
20100812102317.0 |
| 008 |
080220s2009 xo #|0||||||||0|||b|eng |
| FMT |
|
|
|
| 015 |
|
|
|a SNBRA2010/08
|
| 038 |
|
|
|a SVKKK
|
| 040 |
|
|
|a SVKKK
|b slo
|e AACR2
|
| 041 |
0 |
|
|a eng
|b eng
|
| 044 |
|
|
|a xo
|c SK
|
| 080 |
|
|
|a 52-473
|2 1997
|
| 080 |
|
|
|a 524.1
|2 1997
|
| 100 |
1 |
|
|a Ermakov, Victor
|4 aut
|
| 242 |
1 |
0 |
|a Účinné prierezy ionizácie a ionizačné rýchlosti kozmického žiarenia v atmosfére
|
| 245 |
1 |
0 |
|a Effective cross-sections and ionization rates of cosmic rays in the atmosphere
|c Victok Ermakov, Yuri Stozhkov, Nikolai Svirzhevsky
|
| 300 |
|
|
|b Obr., tab.
|
| 504 |
|
|
|a Bibliogr. odkazy
|
| 546 |
|
|
|a Res. angl.
|
| 650 |
0 |
4 |
|a kozmické žiarenie
|x ionizácia
|x atmosférické procesy
|
| 700 |
1 |
|
|a Stozhkov, Yuri
|4 aut
|
| 700 |
1 |
|
|a Svirzhevsky, Nikolai
|4 aut
|
| 773 |
0 |
|
|t Proceedings of the 21st European cosmic ray symposium
|d Košice : Ústav experimentálnej fyziky Slovenskej akadémie vied, 2009
|z 9788096806058
|g S. 112-115
|
| 958 |
|
|
|a NB
|
| 992 |
|
|
|a RZB
|
| BAS |
|
|
|
| 852 |
|
|
|a SVKKK
|b BIB
|
| EXP |
|
|
|
| 998 |
|
|
|a GEO
|